000 00661nam a2200229Ia 4500
003 OSt
005 20220928140206.0
006 a|||||r|||| 00| 0
007 ta
008 220927b |||||||| |||| 00| 0 eng d
024 _a7526
037 _cTextual
040 _aSDCL
_cSDCL
_beng
041 _2eng
_aeng
082 _aX:750t7.2'N7, K8
100 _aEckaus Richard S
_9494608
245 0 _aPlanning for growth
_b Multisectoral, interttemporal models applied to India
260 _c1968
700 _a Parikh Kirit S
_9465772
942 _hX:750t7.2'N7, K8
_cTEXL
_2CC
999 _c810583
_d810583